| 000 | 00899nam a22002657a 4500 | ||
|---|---|---|---|
| 001 | BR8702539 | ||
| 003 | BR-BrBNA | ||
| 005 | 20230928092512.0 | ||
| 007 | ta | ||
| 008 | 230509b bl.||||| |||| 00| 0 por d | ||
| 040 |
_aBR-BrBNA _bpor _cBiblioteca Nacional de Agricultura |
||
| 041 | _a(Por) | ||
| 072 |
_aF01 _b0150 |
||
| 090 | _ 0150 BR8702539 | ||
| 100 | 1 | _aBandeira Junior, C.G. | |
| 110 | 1 | _aEmpresa de Assistencia Tecnica e Extensao Rural do Estado de Minas Gerais, Belo Horizonte (Brasil) | |
| 245 | 1 | _aUso de agua salina na cultura do arroz irrigado | |
| 260 | 3 |
_aBelo Horizonte, MG (Brasil): _c1977. |
|
| 300 | _a6 p. | ||
| 500 | _a(*) Documento disponível no(a) Empresa de Assistencia Tecnica e Extensao Rural do Estado de Minas Gerais, Belo Horizonte (Brazil) | ||
| 650 | _aARROZ IRRIGADO | ||
| 650 | _aAGUA SALGADA | ||
| 909 |
_a202309 _bLucia _c55 _dLucia Elande |
||
| 942 | _cBK | ||
| 999 |
_c39454 _d39454 |
||